000248015 001__ 248015
000248015 005__ 20250112183701.0
000248015 022__ $$2(DE-600)2609972-X$$a0149-9009
000248015 022__ $$a0149-9009$$l0149-9009
000248015 022__ $$a1938-1395
000248015 0247_ $$2ZDBID$$aPERI:(DE-600)2186285-0
000248015 0247_ $$2ZDBPPN$$aZDPPN:027403157
000248015 0247_ $$2EZBID$$aPERI:(DE-606)53876
000248015 0247_ $$2EZBID$$aPERI:(DE-606)145723
000248015 0247_ $$2OCLC$$aOCLC:1368084386
000248015 0247_ $$2JCR$$aJCR:CONTEMP DIAGN RADIOL
000248015 0247_ $$2ISI$$aWOS:CONTEMPORARY DIAGNOSTIC RADIOLOGY
000248015 0247_ $$2SCOPUS$$aSCOPUS:21101128534
000248015 035__ $$aPERI:(DE-600)2186285-0
000248015 040__ $$a4002$$bger$$cDE-101$$dJOIN²$$eJOIN² journal identification
000248015 041__ $$aeng
000248015 044__ $$cXD-US
000248015 082__ $$222sdnb$$a610$$qDE-600
000248015 08274 $$222sdnb$$a610$$qDE-600
000248015 24220 $$2DE-600$$aContemporary diagnostic radiology$$ba biweekly review of clinical radiologic practice$$yen
000248015 24220 $$2DE-600$$aContemporary diagnostic radiology$$ba biweekly review of clinical radiologic practice
000248015 245__ $$2DE-600$$aContemporary diagnostic radiology$$ba biweekly review of clinical radiologic practice$$honline, print
000248015 2463_ $$2DE-600$$aContemporary diagnostic radiology
000248015 2463_ $$aContemporary diagnostic radiology
000248015 260__ $$aHagerstown, Md.$$bLippincott Williams & Wilkins$$c1978-
000248015 260__ $$a[Erscheinungsort nicht ermittelbar]$$b[Verlag nicht ermittelbar]$$c1978-
000248015 260_1 $$0Host:(DE-Juel1)81$$2DE-Juel1$$aOVID
000248015 26431 $$aHagerstown, Md.$$bLippincott Williams & Wilkins$$c1978-
000248015 26431 $$a[Erscheinungsort nicht ermittelbar]$$b[Verlag nicht ermittelbar]$$c1978-
000248015 3620_ $$2DE-600$$a1.1978 -
000248015 36301 $$2DE-600$$81.1\x$$a1$$i1978
000248015 380__ $$2marcgt$$ajournal
000248015 500__ $$aAutomatically generated record. (Updated: 2024-12-18)
000248015 650_7 $$0ASJC:2728$$2ASJC$$aNeurology (clinical)
000248015 650_7 $$0ASJC:2741$$2ASJC$$aRadiology, Nuclear Medicine and imaging
000248015 650_7 $$0ASJC:2746$$2ASJC$$aSurgery
000248015 65310 $$2EZB-Subject$$aMedizin
000248015 65310 $$2EZB-Keyword$$aNuklearmedizin
000248015 65310 $$2EZB-Keyword$$aRadiologie
000248015 77608 $$2DE-600$$dBaltimore, Md. : Williams & Wilkins, 1978-$$iErscheint auch als$$nDruck-Ausgabe$$tContemporary diagnostic radiology$$w(DE-600)2609972-X$$x0149-9009
000248015 8564_ $$d0$$uhttp://gateway.ovid.com/ovidweb.cgi?T=JS&NEWS=N&PAGE=toc&SEARCH=00219246-000000000-00000.kc&LINKTYPE=asBody&LINKPOS=1&D=ovft$$yVerlag; 1.1978 - 27.2004 = Deutschlandweit zugänglich
000248015 8564_ $$d0$$uhttps://ezb.ur.de/?2186285-0$$yEZB
000248015 8564_ $$d0$$uhttps://journals.lww.com/cdronline/pages/default.aspx$$yVerlag
000248015 8801_ $$2DE-600$$aContemporary diagnostic radiology$$ba biweekly review of clinical radiologic practice
000248015 909CO $$ooai:juser.fz-juelich.de:913367$$pauthority$$pauthority:PERI
000248015 909CO $$ooai:juser.fz-juelich.de:913367
000248015 915__ $$0StatID:(DE-HGF)0420$$2StatID$$aNationallizenz$$d2024-12-18$$wger
000248015 915__ $$0StatID:(DE-HGF)0200$$2StatID$$aDBCoverage$$bSCOPUS$$d2024-12-18
000248015 915__ $$0StatID:(DE-HGF)0199$$2StatID$$aDBCoverage$$bClarivate Analytics Master Journal List$$d2024-12-18
000248015 915__ $$0StatID:(DE-HGF)0112$$2StatID$$aWoS$$bEmerging Sources Citation Index$$d2024-12-18
000248015 915__ $$0StatID:(DE-HGF)0150$$2StatID$$aDBCoverage$$bWeb of Science Core Collection$$d2024-12-18
000248015 915__ $$0StatID:(DE-HGF)0100$$2StatID$$aJCR$$bCONTEMP DIAGN RADIOL : 2022$$d2024-12-18
000248015 915__ $$0StatID:(DE-HGF)9900$$2StatID$$aIF < 5$$d2024-12-18
000248015 936__ $$abis 1978 u.d.T. Radiologic Science Update
000248015 980__ $$aPERI
000248015 980__ $$aAUTHORITY